Rozpoznaj Kraj po opisie cz.4 - Statystyki

Ogólne statystyki
  • Ten quiz został rozwiązany 75 razy
  • Średni wynik to 8 z 15
Statystyki odpowiedzi
Wskazówka Odpowiedź % Poprawnych
Jest to żydowski kraj w stanie wojny z arabami. Izrael
90%
Jest to jeden z 2 krajów Ameryki Południowej, które nie graniczą z Brazylia, Gospodarz Mistrzostw Świata W Piłce Nożnej w 1962 roku. Chile
85%
Pomimo bycia 6 największym krajem pod względem powierzchni, aż 95% tej powierzchni jest pusta pod względem ludności. Australia
81%
Jest to kraj Europejski jednak swoją najdłuższą granicę posiada z Brazylią. Francja
77%
Ten kraj posiada najwięcej terytoriów zamorskich. Wielka Brytania
69%
Obecny Mistrz Afryki w Piłce Nożnej. Senegal
67%
Najbogatszy kraj na świecie według PKB na osobę. Luksemburg
60%
W tym kraju znajdują się średnio najwyżsi ludzie na Świecie. Holandia
58%
Jest to jeden z dwóch krajów podwójnie śródlądowych, Byłe Państwo Związku Radzieckiego. Uzbekistan
52%
W tym kraju znajduje się najwyżej położona stolica na Świecie. Boliwia
50%
Ten kraj ma w swojej fladze karabin AK-47. Mozambik
48%
Stolicą tego kraju jest Kigali. Rwanda
31%
Jest to jedyny kraj spoza Europy, którego język urzędowy to Holenderski. Surinam
29%
Jest to jedyny kraj na świecie, który nie uznaje Chin bądź Tajwanu za kraj. Bhutan
25%
W tym kraju znajduje się największe więzienie na Świecie. Wenezuela
8%
Nie znaleziono quizów pasujących do podanych kryteriów
Rozkład punktacji
Procent ludzi z każdym wynikiem
Percentyl według liczby udzielonych odpowiedzi
Twoja historia wyników
Nie rozwiązałeś tego quizu